Access 2002 guide book for office XP (Record no. 175282)

MARC details
000 -LEADER
fixed length control field 00394nam a2200145Ia 4500
008 - FIXED-LENGTH DATA ELEMENTS--GENERAL INFORMATION
fixed length control field 231217s9999 xx 000 0 und d
041 ## - LANGUAGE CODE
Language code of text/sound track or separate title English
082 ## - DEWEY DECIMAL CLASSIFICATION NUMBER
Classification number 001.6424ACC TRI;1 R
100 ## - MAIN ENTRY--PERSONAL NAME
Personal name Trigg, Maggie Dobson, Phyllis
245 #0 - TITLE STATEMENT
Title Access 2002 guide book for office XP
260 ## - PUBLICATION, DISTRIBUTION, ETC.
Date of publication, distribution, etc. 2002
Name of publisher, distributor, etc. Galgotia
Place of publication, distribution, etc. New Delhi
300 ## - PHYSICAL DESCRIPTION
Extent xvi+848
650 ## - SUBJECT ADDED ENTRY--TOPICAL TERM
Topical term or geographic name entry element Access,2002,office,XP
942 ## - ADDED ENTRY ELEMENTS (KOHA)
Koha item type Books
Holdings
Date last seen Total checkouts Full call number Accession number Cost, total (INR) price Price effective from Category Lost status Damaged status Department Withdrawn status Home library Current library Shelving location Entry date Vendor Cost, normal purchase price Grants Billnumber Billdate Currency symbol Conversion rate Discount Old discount
26/01/2024   001.6424ACC TRI;1 R 35577 288.00 05/06/2005 Books     Central Library   Central Library Central Library Library Annex 06/05/2005 Allied publ. 360.00 IS 19 05/10/2010 RS 1 72 20
26/01/2024   001.6424ACC TRI;2 R1 35578 288.00 05/06/2005 Books     Central Library   Central Library Central Library Library Annex 06/05/2005 Allied publ. 360.00 IS 19 05/10/2010 RS 1 72 20
26/01/2024   001.6424ACC TRI;3 35579 288.00 05/06/2005 Books     Central Library   Central Library Central Library Central Library 06/05/2005 Allied publ. 360.00 IS 19 06/10/2010 RS 1 72 20
26/01/2024   001.6424ACC TRI;4 35580 288.00 05/06/2005 Books     Central Library   Central Library Central Library Central Library 06/05/2005 Allied publ. 360.00 IS 19 05/10/2010 RS 1 72 20

© For any Suggestions or Query, please contact the library staff @ librarian@pes.edu or Phone: +9180 2672 1983/ 2108.